000 00300nam a2200133Ia 4500
005 20251222140034.0
008 251222s1900||||xx |||||||||||||| ||spa||
020 _a84-7490-618-0
082 _a121.35/P48
100 _aPetrosino, Silvano
245 0 _aEl Asombro
264 _bEncuentro
942 _cLIB
999 _c3067
_d3067